00955nam a22002057a 450000500170000000700150001700800410003202000220007303500100009504000090010510000370011424500680015125600240021926000540024330000280029750602800032565000310060574000380063685600750067420240305165417.0cr|||| |||| 131029s2013 mx |||||s|||| 00||0 spa d a978-607-7684-16-9 a11574 avLex1 adel Castillo del Valle, Alberto 10aDerechos Humanos, Garantías y Amparoh[Recurso electrónico] aServicio en línea aMéxico D.F.:bEdiciones Jurídicas Alma,c2013 a1 recurso electrónico1 aContenido solo disponible en los productos indicadosdvLex GlobaldvLex Global (Academic Edition, excluding Law Schools)dvLex Global (U.S. Academic Edition, Law Schools)dvLex Global (U.S. Academic Edition, excluding Law Schools)dvLex Global (Academic Edition, Law Schools)04aDerechos humanoszMéxico0 avLex Libros (servicio en línea)40uhttps://app.vlex.com/#/sources/derechos-humanos-garantias-amparo-11574